READER,S DIGEST (Record no. 8327)

MARC details
000 -LEADER
fixed length control field 00247nam a22001097a 4500
005 - DATE AND TIME OF LATEST TRANSACTION
control field 20230724124624.0
008 - FIXED-LENGTH DATA ELEMENTS--GENERAL INFORMATION
fixed length control field 230724b |||||||| |||| 00| 0 eng d
245 ## - TITLE STATEMENT
Title READER,S DIGEST
260 ## - PUBLICATION, DISTRIBUTION, ETC. (IMPRINT)
Year of publication 2023
650 ## - SUBJECT ADDED ENTRY--TOPICAL TERM
Topical Term MONTHLY MAGAZINE
942 ## - ADDED ENTRY ELEMENTS (KOHA)
Koha item type Journals/Serial
Holdings
Lost status Damaged status Home library Current library Shelving location Date acquired Source of acquisition Cost, normal purchase price Accession Number Koha item type
    JRU Library JRU Library Periodicals Section 24/07/2023 PURCHASE 100.00 RD001 Journals/Serial